| 000 | 00434nam a22001697a 4500 | ||
|---|---|---|---|
| 003 | MPLRDC | ||
| 005 | 20220105061125.0 | ||
| 008 | 210129b ||||| |||| 00| 0 eng d | ||
| 082 | _aDISC | ||
| 100 | _a陈松宪 | ||
| 245 |
_a寻音觅韵--1 DISC _c |
||
| 250 | _a初版 | ||
| 260 |
_a马来西亚 _b南大教育与研究基金会 _c2003 |
||
| 520 | _a新书上架 2017-10-01。 | ||
| 650 | _a音乐丛书 | ||
| 942 |
_cCDA _oDISC |
||
| 999 |
_c69141 _d69131 |
||